=LDR 00000nam 2200000 4500 =001 INLIS000000000042481 =005 20131008015256 =008 ***********************************ind** =035 ##$$0010-101300000000403 =041 ##$$a ind =082 ##$$a 616.980 3 =090 ##$$a 616.980 3, Sum h =100 ##$$a Sum'mur =245 ##$$a Higiene perusahaan dan kesehatan kerja (Hiperkes), Suma'mur p.k =260 ##$$a 2009 $b Jakarta =300 ##$$a Xx,570 hlm, Ilus, 24 cm =650 ##$$a KESEHATAN, TERAPI =850 ##$$a NBPNMAT =990 ##$$a 0001/BPAP-NTB/20142015 =990 ##$$a 0001/BPAP-NTB/20142015 =990 ##$$a 0001/BPAP-NTB/2015 =990 ##$$a 0001/BPAP-NTB/2015 =990 ##$$a 0001/BPAP-NTB/2015 =990 ##$$a 0001/BPAP-NTB/2015